| 000 | 01204nam a2200397 c 4500 | ||
|---|---|---|---|
| 001 | 19193 | ||
| 003 | ES-MaCES | ||
| 005 | 20141221122605.0 | ||
| 008 | 060808s2006 sp t 000 | spa d | ||
| 017 |
_aB 8894-2006 _bDL |
||
| 020 | _a8433962353 | ||
| 035 | _aCES20060010618m | ||
| 040 |
_aES-MaCES _bspa _cES-MaCES |
||
| 100 | 1 |
_aNavarro, Vicenç _919517 |
|
| 245 | 1 | 3 |
_aEl subdesarrollo social en España _b: causas y consecuencias _cVicenç Navarro |
| 260 |
_aBarcelona _bAnagrama _c[2006] |
||
| 300 |
_a307 p. _c22 cm |
||
| 490 | 1 |
_aColección Argumentos _v340 |
|
| 541 | _cCompra | ||
| 650 | 4 |
_asubdesarrollo _927098 |
|
| 650 | 4 |
_adesigualdad social _930789 |
|
| 650 | 4 |
_apobreza _927112 |
|
| 650 | 4 |
_apolítica social _927029 |
|
| 650 | 4 |
_aliberalismo _931222 |
|
| 650 | 4 |
_aglobalización económica _930653 |
|
| 650 | 4 |
_ainternacional _926674 |
|
| 650 | 4 |
_aEspaña _926964 |
|
| 650 | 4 |
_arégimen político _927201 |
|
| 650 | 4 |
_ahistoria _927251 |
|
| 650 | 4 |
_aS. XX _930812 |
|
| 653 | 1 | 0 | _aAsuntos Sociales |
| 830 | 0 |
_aColección Argumentos (Editorial Anagrama) _v340 _933432 |
|
| 902 | _aLIB Libro | ||
| 942 |
_2CES _cBK _h3.3. |
||
| 999 |
_c19193 _d19193 |
||